| 000 | 00737nam a2200253 a 4500 | ||
|---|---|---|---|
| 005 | 20240924070128.0 | ||
| 008 | 060428s1947 mx r 000 0 spa d | ||
| 020 | _a9583833309 | ||
| 035 | _aUPN01000144061 | ||
| 049 | _aCG | ||
| 050 | 4 |
_aJC11 _bC3.5 |
|
| 100 | 1 |
_aCassirer, Ernst, _d1874-1945 _930803 |
|
| 245 | 1 | 3 |
_aEl mito del estado / _cErnst Cassirer. |
| 260 |
_aMéxico : _bFCE, _c1947. |
||
| 300 | _a360 p. | ||
| 440 | 0 |
_aPopular ; _v90 |
|
| 590 | _a(También localizas un ejemplar en el "Area de Reserva") | ||
| 590 | _aBibliografía Básica (BGTQ) | ||
| 534 |
_pTítulo original: _tThe myth of state |
||
| 650 | 4 |
_aEstado _96019 |
|
| 650 | 4 |
_aCiencias políticas _96023 |
|
| 650 | 4 |
_aMitología _99786 |
|
| 905 | _aLibro | ||
| 999 |
_c116208 _d116208 |
||